Southville International School and Colleges
Your cart is empty.
  • Cart
  • Lists
    Public lists Eva Luna New books Lux_list list_1
    Your lists Log in to create your own lists
  • Log in to your account
  • Your cookies
  • Search history
Southville International School and Colleges
  • Advanced search
  • Recent comments
  • Most popular
  • Libraries

Log in to your account

Log in with GOOGLE


If you do not have an external account, but do have a local account, you can still log in:

  1. Home
  2. MARC view: Electronic commerce in small to medium-sized enterprises :
Normal view MARC view ISBD view

Electronic commerce in small to medium-sized enterprises : (Record no. 291095)

[ view plain ]
MARC details
000 -LEADER
fixed length control field 00695nam a2200229Ia 4500
008 - FIXED-LENGTH DATA ELEMENTS--GENERAL INFORMATION
fixed length control field 160303s9999 xx 000 0 und d
020 ## - INTERNATIONAL STANDARD BOOK NUMBER
International Standard Book Number 1-59140-146-1
050 ## - LIBRARY OF CONGRESS CALL NUMBER
Classification number MAIN HF 5548.32
050 ## - LIBRARY OF CONGRESS CALL NUMBER
Item number .E44 2004
245 ## - TITLE STATEMENT
Title Electronic commerce in small to medium-sized enterprises :
245 ## - TITLE STATEMENT
Remainder of title frameworks, issues and implications /
245 ## - TITLE STATEMENT
Statement of responsibility, etc edited by Nabeel A.Y. Al-Qirim.
260 ## - PUBLICATION, DISTRIBUTION, ETC. (IMPRINT)
Place of publication, distribution, etc Hershey, PA :
260 ## - PUBLICATION, DISTRIBUTION, ETC. (IMPRINT)
Name of publisher, distributor, etc Idea Group Publishing.
260 ## - PUBLICATION, DISTRIBUTION, ETC. (IMPRINT)
Date of publication, distribution, etc 2004
300 ## - PHYSICAL DESCRIPTION
Extent 369 pages :
300 ## - PHYSICAL DESCRIPTION
Dimensions 26 cm.
500 ## - GENERAL NOTE
General note Includes bibliographical references and index.
650 ## - SUBJECT ADDED ENTRY--TOPICAL TERM
Topical term or geographic name as entry element Electronic commerce.
650 ## - SUBJECT ADDED ENTRY--TOPICAL TERM
Topical term or geographic name as entry element Small business --
650 ## - SUBJECT ADDED ENTRY--TOPICAL TERM
General subdivision Technological innovations.
Holdings
Withdrawn status Lost status Damaged status Home library Current library Shelving location Date acquired Cost, normal purchase price Total Checkouts Full call number Barcode Date last seen Price effective from Koha item type
      South Mansfield College South Mansfield College Reserve Section   5.00   MAIN HF 5548.32 .E44 2004 SMC05063 03/03/2016 03/03/2016  

Electronic commerce in small to medium-sized enterprises :

APA

Electronic commerce in small to medium-sized enterprises. Hershey, PA: .

Chicago

Electronic commerce in small to medium-sized enterprises. Hershey, PA: .

Harvard

Electronic commerce in small to medium-sized enterprises. Hershey, PA: .

MLA

Hershey, PA: . .

  • Place hold
  • Print
  • Cite
  • Add to your cart (remove)
  • Save record
    BIBTEX Dublin Core MARCXML MARC (non-Unicode/MARC-8) MARC (Unicode/UTF-8) MARC (Unicode/UTF-8, Standard) MODS (XML) RIS
  • More searches
    Search for this title in:
    Other Libraries (WorldCat) Other Databases (Google Scholar) Online Stores (Bookfinder.com) Open Library (openlibrary.org)

Exporting to Dublin Core...

SOUTHVILLE LIBRARY

Southville International School and Colleges Library

1281 Tropical Ave. Cor. Luxembourg St., BF Homes International, Las Pinas City

Tel. No. 8256374 / 252358 Loc. 117/146

Powered by Koha